| 000 | 00353nam a22001457a 4500 | ||
|---|---|---|---|
| 003 | OSt | ||
| 008 | 250113b |||||||| |||| 00| 0 eng d | ||
| 041 | _aeng | ||
| 082 |
_a631.587 _bMIC/IR |
||
| 100 |
_aMichael, AM _96834 |
||
| 245 | _aIrrigation Theory and Practice | ||
| 250 | _a14th | ||
| 260 |
_aDelhi: _bVani Educational Books, _c1985. |
||
| 942 | _cBK | ||
| 999 |
_c19019 _d19019 |
||